| 000 | 00882cab a2200289 4500 | ||
|---|---|---|---|
| 001 | WB3411-68 | ||
| 008 | 090401t1998 xxu||||| |||| 00| 0 eng d | ||
| 035 | _a(Sirsi) u85040 | ||
| 041 | _aeng | ||
| 245 | _aPartnerships | ||
| 260 | _c1998 | ||
| 350 | _a0 | ||
| 490 |
_aFinancial Times _v18 March 1998, 11 |
||
| 490 |
_aInland Revenue Press Release _v(IR29) 17 March 1998 |
||
| 490 |
_aRICS Press Release _v(pr34.corp) 17 March 1998 (8) |
||
| 520 | _aGovernment announced in the Budget that the `cash basis` practices available to professional businesses should be phased out. Details. RICS response. | ||
| 650 | _aBUDGET 1998 | ||
| 650 | _aCASH BASIS | ||
| 650 | _aPARTNERSHIPS | ||
| 650 | _aPROFESSIONAL PRACTICES | ||
| 650 | _aSURVEYORS | ||
| 650 | _aTAX CONCESSIONS | ||
| 650 | _aTAX LIABILITIES | ||
| 690 | _aTAXATION | ||
| 942 | _n0 | ||
| 948 | _c18/03/1998 | ||
| 999 |
_c53462 _d53462 |
||